000
00253nam a2200097Ia 4500
001
683348
005
20250826161436.0
008
250824s9999 xx 000 0 und d
245
0
_a
SELANİK İSTANBULA KARŞI
_c
NECMETTİN ALKAN
260
_b
TİMAŞ YAYINLARI
999
_c
683348
_d
683348